Представление документа в формате RUSMARC

ПолеНазваниеЗначение
  Тип записи i
  Библиографический уровень m
001 Контрольный номер RU/IS/BASE/469014943
005 Дата корректировки 20201206204932.5
010 Индекс ISBN __
a ISBN 978-5-9677-1944-8 (в кор.)
d Цена 204-75
100 Данные общей обработки __
a Данные общей обработки 19141111d2013||||||| 0rusy0189 ca
101 Язык документа 1_
a Язык текста rus
c Язык оригинала fre
102 Страна публикации __
a Страна публикации ru|
105 Кодированные данные (монография) __
a Кодированные данные (монография) nn|||||||z|zy
127 Кодированные данные (звукозаписи-физические характеристики) __
a Продолжительность проигрывания 01 ч 40 мин
200 Заглавие и сведения об ответственности 1_
a Заглавие Сирано де Бержерак
e Сведения, относящиеся к заглавию аудиоспектакль [Государственного академического театра имени Евг. Вахтангова : 12+]
f Первые сведения об ответственности [перевод с французского Татьяны Щепкиной-Куперник ; постановка Николая Охлопкова ; музыка Александра Голубенцева ; в главных ролях: Рубен Симонов и др.]
b Общее обозначение материала Звукозапись
210 Выходные данные __
a Место издания Москва
c Издательство 1С-Паблишинг
d Дата издания 2013
215 Физическое описание __
a Объем 1 электрон. опт. диск (Audio CD)
c Иллюстрации/тип воспроизводства mp3, stereo
d Формат 12х14 см
225 Серия __
a Серия 1С: Аудиотеатр
230 Специфическая характеристика материала: электронные ресурсы __
a Обозначение и объем ресурса Электронные звуковые данные
300 Общие примечания __
a Общие примечания Запись 1942 г.
323 Примечание о главных создателях, исполнителях, участниках __
a Примечание о главных создателях, исполнителях, участниках Симонов, Р.
323 Примечание о главных создателях, исполнителях, участниках __
a Примечание о главных создателях, исполнителях, участниках Мансурова, Ц.
323 Примечание о главных создателях, исполнителях, участниках __
a Примечание о главных создателях, исполнителях, участниках Кольцов, В.
323 Примечание о главных создателях, исполнителях, участниках __
a Примечание о главных создателях, исполнителях, участниках Смоленский, Я.
330 Аннотация __
a Аннотация Эдмон Ростан - французский поэт и драматург, последователь неоромантизма. Член Французской академии. Мировую славу ему принесла героическая комедия в стихах "Сирано де Бержерак" (1897). Действие пьесы разворачивается во Франции XVII века. Прототипом главного героя стал реальный человек - французский дворянин Эркюль Савиньен Сирано де Бержерак (1619-1655), на воинской службе - солдат королевской гвардии, в отставке - драматург, философ, поэт и прозаик, один из основоположников научной фантастики. После триумфального успеха пьесы имя Сирано стало нарицательным для обозначения истинного гасконца - поэта и дуэлянта. Бытует легенда, что из всех своих поединков Сирано де Бержерак выходил победителем, что однажды он выиграл бой с сотней противников. Этот эпизод также получил отражение в пьесе. Ее главный персонаж представлен Ростаном как последний рыцарь героической эпохи, готовый на любую жертву ради воинского братства.
333 Примечание о целевом назначении __
a Примечание о целевом назначении 12+. Для детей старше 12 лет
337 Примечание о системных требованиях (электронные ресурсы) __
a Примечание о системных требованиях (электронные ресурсы) Системные требования: MS Windows 95/98/2000/XP/Vista/7 ; Pentium 100 ; RAM 16 Мб ; SVGA, 800x600 ; CD-ROM ; зв. карта ; колонки или наушники ; мышь или аудиосистемы с поддержкой формата MP3: музыкальный центр ; CD/DVD-плеер и т.д.
606 Тематические рубрики __
a Основная рубрика Музыка и зрелищные искусства
606 Тематические рубрики __
a Основная рубрика Художественное радиовещание
606 Тематические рубрики __
a Основная рубрика Художественная литература
606 Тематические рубрики __
a Основная рубрика Литература Европы (произведения)
610 Ключевые слова __
a Ключевые слова аудиопостановки
a Ключевые слова аудиоспектакли
a Ключевые слова зарубежная литература
a Ключевые слова иностранная литература
a Ключевые слова комедии
a Ключевые слова пьесы
a Ключевые слова радиокомпозиции
a Ключевые слова радиопостановки
a Ключевые слова тема любви
a Ключевые слова тема общества
a Ключевые слова тема приключений
a Ключевые слова тема человека
a Ключевые слова французская литература
686 Индексы других классификаций __
2 Код системы rubbks
a Классификационный индекс 85.381.3(2)-7я04
686 Индексы других классификаций __
2 Код системы rubbks
a Классификационный индекс 84(4Фра)53-6я04
700 Автор _1
a Фамилия Ростан
b Имя Э.
g Полное личное имя Эдмон
4 Код отношения 070
702 Вторичная интеллектуальная ответственность _1
a Фамилия Щепкина-Куперник
b Имя Т.
4 Код отношения Переводчик
4 Код отношения 730
702 Вторичная интеллектуальная ответственность _1
a Фамилия Охлопков
b Имя Н.
4 Код отношения Прочие
4 Код отношения 570
702 Вторичная интеллектуальная ответственность _1
a Фамилия Голубенцев
b Имя А.
4 Код отношения Композитор
4 Код отношения 230
711 Наименование организации. (Альтернативная ответственность) __
a Организация/ юрисдикция Государственный академический театр им. Е. Вахтангова
801 Источник записи _0
a Страна ru
b Организация Муниципальное бюджетное учреждение культуры "Централизованная библиотечная система" г. Сургут (Центральная городская библиотека им. А. С. Пушкина)
c Дата составления 20141111
g Правила каталогизации КиК/Лукашук
801 Источник записи _1
a Страна ru
b Организация Муниципальное бюджетное учреждение культуры "Централизованная библиотечная система" г. Сургут (Центральная городская библиотека им. А. С. Пушкина)
c Дата составления 20141111
g Правила каталогизации КиК/Лукашук
852 Данные о местонахождении __
j Шифр хранения 85.381.3(2)-7я04
i Авторский знак Р 78
901 Тип документа 1_
t Тип документа 0
903 Характеристики (МАРС) __
a Дата передачи 20141111
969 Тип издания __
a Тип издания аудиоспектакль; издание для слепых
990 Данные о заказе (DOS) __
j Количество экземпляров (DOS) 8
t N записи в КСУ для И/У (DOS) 201411